000 00269nam a2200109Ia 4500
008 200302s9999 xx 000 0 und d
100 _aGordon E. Cherry
245 _aUrban Planning Problems
260 _bLeonard Hill Books Published
260 _c1974
300 _a259 P.,
999 _c5245
_d5245